The Secret life of the modern house: The evolution of the way we live now (Record no. 12128)

000 -LEADER
fixed length control field 00384 a2200145 4500
003 - CONTROL NUMBER IDENTIFIER
control field OSt
005 - DATE AND TIME OF LATEST TRANSACTION
control field 20240111174951.0
008 - FIXED-LENGTH DATA ELEMENTS--GENERAL INFORMATION
fixed length control field 240111b ||||| |||| 00| 0 eng d
020 ## - INTERNATIONAL STANDARD BOOK NUMBER
International Standard Book Number 978-1781577615
082 ## - DEWEY DECIMAL CLASSIFICATION NUMBER
Classification number 728.37
100 ## - MAIN ENTRY--PERSONAL NAME
Personal name Dominic Bradbury
245 ## - TITLE STATEMENT
Title The Secret life of the modern house: The evolution of the way we live now
260 ## - PUBLICATION, DISTRIBUTION, ETC. (IMPRINT)
Name of publisher, distributor, etc Ilex Press
Date of publication, distribution, etc 2021
942 ## - ADDED ENTRY ELEMENTS (KOHA)
Source of classification or shelving scheme
Holdings
Withdrawn status Lost status Source of classification or shelving scheme Damaged status Koha normalized classification for sorting Not for loan Permanent location Current location Date acquired Source of acquisition Cost, normal purchase price Full call number Barcode Date last seen Cost, replacement price Price effective from Koha item type
        728_370000000000000   BMS College of Architecture, Design and Planning BMS College of Architecture, Design and Planning 2024-01-11 10 1972.88 728.37 AR-UG3499 2024-01-11 2818.40 2024-01-11 UG Books
Copyright © 2025, The Librarian, Library and Information Centre, BMSCA D&P, Bengaluru. All Rights Reserved
web counter

Powered by Koha